| 000 | 00853nas a2200277 4500 | ||
|---|---|---|---|
| 001 | BR0700109 | ||
| 003 | BR-BrBNA | ||
| 005 | 20231205110452.0 | ||
| 007 | ta | ||
| 008 | 230509b bl.|||p| |||| 00| 00por d | ||
| 040 |
_aBR-BrBNA _bpor _cBiblioteca Nacional de Agricultura |
||
| 041 | _a(Pt) | ||
| 072 | _aP34; H60 | ||
| 100 | 1 | _aKleinschmitt, A.R.B. | |
| 100 | 1 | _aDick, D.P. | |
| 100 | 1 | _aSelbach, P.A. | |
| 100 | 1 | _aSantos, M. dos | |
| 245 | 1 | _aDessorção do herbicida atrazina e atividade microbiana em duas classes de solos do Estado do Rio Grande do Sul | |
| 650 | _aBIOLOGIA DO SOLO | ||
| 650 | _aHERBICIDA | ||
| 650 | _aSORÇÃO | ||
| 650 | _aABSORÇÃO | ||
| 773 | 0 |
_tCiência Rural (Brazil) _xISSN 0103-8478 _g(Nov-Dec 2006), v. 36(6) p. 1794-1798 _wBR0700109 |
|
| 909 |
_a202311 _bLúcia _c55 _dLúcia Elande |
||
| 942 |
_2AGRIS _n0 _cANA |
||
| 999 |
_c187526 _d187526 |
||